Fr. Conceicao Rodrigues College of Engineering

Electronic Communications (Record no. 19399)

MARC details
000 -LEADER
fixed length control field 00395nam a2200169Ia 4500
082 ## - DEWEY DECIMAL CLASSIFICATION NUMBER
Classification number 621.382
Item number STA
100 ## - MAIN ENTRY--PERSONAL NAME
Personal name Stanley/William D/ Jeffords/J.M
245 ## - TITLE STATEMENT
Title Electronic Communications
260 ## - PUBLICATION, DISTRIBUTION, ETC.
Name of publisher, distributor, etc. Cengage Learning
Place of publication, distribution, etc. Mumbai
Date of publication, distribution, etc. 2006
366 ## - TRADE AVAILABILITY INFORMATION
Publishers's discount category 25
300 ## - PHYSICAL DESCRIPTION
Extent 702
546 ## - LANGUAGE NOTE
Language note ENGLISH
650 ## - SUBJECT ADDED ENTRY--TOPICAL TERM
Topical term or geographic name entry element Communications
654 ## - SUBJECT ADDED ENTRY--FACETED TOPICAL TERMS
Focus term electronic communications
942 ## - ADDED ENTRY ELEMENTS (KOHA)
Koha item type BOOK
Holdings
Withdrawn status Lost status Damaged status Not for loan Collection Home library Current library Date acquired Source of acquisition Cost, normal purchase price Inventory number Total Checkouts Full call number Barcode Date last seen Cost, replacement price Price effective from Koha item type
        CRC Fr. Agnel's C.Rodrigues College of Engineering Fr. Agnel's C.Rodrigues College of Engineering 17/03/2023 Dharma Enterprises 262.50 1467 dt 29/07/2009   621.382 STA 19829 17/03/2023 350.00   BOOK
        CRC Fr. Agnel's C.Rodrigues College of Engineering Fr. Agnel's C.Rodrigues College of Engineering 17/03/2023 Dharma Enterprises 262.50 1467 dt 29/07/2009   621.382 STA 19830 17/03/2023 350.00   BOOK